Europäische Rundschau (Record no. 5495)
[ view plain ]
| 000 -LEADER | |
|---|---|
| fixed length control field | 00549nas a22002057i 4500 |
| 001 - CONTROL NUMBER | |
| control field | 5750 |
| 003 - CONTROL NUMBER IDENTIFIER | |
| control field | OSt |
| 005 - DATE AND TIME OF LATEST TRANSACTION | |
| control field | 20170126082349.0 |
| 007 - PHYSICAL DESCRIPTION FIXED FIELD--GENERAL INFORMATION | |
| fixed length control field | tu |
| 008 - FIXED-LENGTH DATA ELEMENTS--GENERAL INFORMATION | |
| fixed length control field | 161220s xxu||||| |||| 00| 0 d |
| 022 ## - INTERNATIONAL STANDARD SERIAL NUMBER | |
| International Standard Serial Number | 0304-2782 |
| 024 7# - OTHER STANDARD IDENTIFIER | |
| Standard number or code | 5750 |
| Source of number or code | RID |
| 024 7# - OTHER STANDARD IDENTIFIER | |
| Standard number or code | 5750 |
| Source of number or code | RSN (alt) |
| 040 ## - CATALOGING SOURCE | |
| Transcribing agency | OSt |
| 110 2# - MAIN ENTRY--CORPORATE NAME | |
| Corporate name or jurisdiction name as entry element | Verein "Europäische Rundschau" |
| 245 00 - TITLE STATEMENT | |
| Title | Europäische Rundschau |
| Remainder of title | Vierteljahreszeitschrift für Politik, Wirtschaft und Zeitgeschichte |
| 260 ## - PUBLICATION, DISTRIBUTION, ETC. | |
| Place of publication, distribution, etc. | Wien : |
| Name of publisher, distributor, etc. | Herold. |
| 856 ## - ELECTRONIC LOCATION AND ACCESS | |
| Uniform Resource Identifier | <a href="http://www.europaeische-rundschau.at/">http://www.europaeische-rundschau.at/</a> |
| 866 #0 - TEXTUAL HOLDINGS--BASIC BIBLIOGRAPHIC UNIT | |
| -- | 1990 18/3 - |
| 942 ## - ADDED ENTRY ELEMENTS (KOHA) | |
| Koha item type | Journal |
| Withdrawn status | Lost status | Damaged status | Not for loan | Home library | Current library | Shelving location | Date acquired | Serial Enumeration / chronology | Inventory number | Total Checkouts | Barcode | Date last seen | Price effective from | Koha item type |
|---|---|---|---|---|---|---|---|---|---|---|---|---|---|---|
| WIIW | WIIW | Library | 04/23/2015 | 43.2015,1 | 5750 | 10006143 | 01/26/2017 | 01/26/2017 | Journal | |||||
| WIIW | WIIW | Library | 07/02/2015 | 43.2015,2 | 5750 | 10006242 | 01/26/2017 | 01/26/2017 | Journal | |||||
| WIIW | WIIW | Library | 12/17/2015 | 43.2015,4 | 5750 | 10006287 | 01/26/2017 | 01/26/2017 | Journal | |||||
| WIIW | WIIW | Library | 04/01/2016 | 44.2016,1 | 5750 | 10006311 | 01/26/2017 | 01/26/2017 | Journal |
